[Event "Florianopolis op 9th"]
[Site "Florianopolis"]
[Date "2023.01.26"]
[Round "5"]
[White "Liebl, Livia"]
[Black "De Bortolo, Paulo Ricardo"]
[Result "1-0"]
[WhiteElo "1529"]
[BlackElo "1800"]
[PlyCount "199"]
[EventDate "2023.01.23"]
[EventType "swiss"]
[EventRounds "10"]
[EventCountry "BRA"]
[SourceTitle "CBM 212 Extra"]
[Source "ChessBase"]
[SourceDate "2023.03.31"]
[SourceVersion "1"]
[SourceVersionDate "2023.03.31"]
[SourceQuality "1"]

1. d4 Nf6 2. e3 d5 3. f4 e6 4. Nf3 c5 5. c3 b6 6. Bd3 Be7 7. Nbd2 0-0 8. 0-0 Ba6 9. Bxa6 Nxa6 10. Ne5 Nc7 11. Rf3 Nce8 12. Rh3 Nd6 13. g4 Nfe4 14. Nxe4 Nxe4 15. Bd2 f6 16. Nc6 Qc7 17. Nxe7+ Qxe7 18. Be1 Qf7 19. Qe2 c4 20. Bh4 f5 21. gxf5 exf5 22. Kh1 g6 23. Rg1 Kh8 24. Bg5 a5 25. Rh6 Qe6 26. Bh4 Rg8 27. Be1 b5 28. a3 Rg7 29. Qf3 Raa7 30. Qh3 Kg8 31. Qh4 Qd6 32. Qh3 Rab7 33. Qf3 Qd7 34. Qe2 Ra7 35. Rh3 Qe8 36. Rf3 Rae7 37. h4 Re6 38. Rh3 Nf6 39. Bd2 Ng4 40. Qf3 Re4 41. Rb1 a4 42. Re1 Rge7 43. Re2 h5 44. Re1 Rg7 45. Re2 Qf7 46. Re1 Kh7 47. Rg1 Nf6 48. Rhg3 Kh6 49. R3g2 Ne8 50. Qg3 Qf6 51. Qg5+ Qxg5 52. Rxg5 Nf6 53. R5g3 Nd7 54. Be1 Nb8 55. Bd2 Nc6 56. R1g2 Na5 57. Bc1 Nb3 58. Bd2 Re6 59. Kg1 Rge7 60. Be1 Nc1 61. Bd2 Nd3 62. Kf1 Nxb2 63. Bc1 Nd3 64. Bd2 Rb7 65. Re2 Kg7 66. Rgg2 Rbb6 67. Rg5 Kf7 68. Rg3 Ra6 69. Rg5 Reb6 70. Rg3 b4 71. cxb4 Rb5 72. Bc3 Re6 73. Rc2 Re4 74. Rcg2 Rb6 75. Bd2 Rc6 76. Bc3 Nc1 77. Rc2 Nb3 78. Rcg2 Rce6 79. Kf2 Nc1 80. Bb2 Nd3+ 81. Kf1 Nxb2 82. Rxb2 Rxe3 83. Rxe3 Rxe3 84. Ra2 Rb3 85. Kf2 c3 86. Ke3 c2+ 87. Kd2 Rh3 88. Rxc2 Rxa3 89. Rc7+ Ke8 90. b5 Rh3 91. Kc2 Kd8 92. Rc5 Rxh4 93. b6 Rh3 94. b7 Rh2+ 95. Kc3 Rh3+ 96. Kc2 Rh2+ 97. Kb1 Rh1+ 98. Ka2 Rh2+ 99. Ka3 Kd7 100. b8Q 1-0

[Event "Florianopolis op 9th"]
[Site "Florianopolis"]
[Date "2023.01.25"]
[Round "4"]
[White "De Bortolo, Paulo Ricardo"]
[Black "Mayara Sibowicz, Giovanna"]
[Result "1/2-1/2"]
[WhiteElo "1800"]
[BlackElo "1528"]
[PlyCount "57"]
[EventDate "2023.01.23"]
[EventType "swiss"]
[EventRounds "10"]
[EventCountry "BRA"]
[SourceTitle "CBM 212 Extra"]
[Source "ChessBase"]
[SourceDate "2023.03.31"]
[SourceVersion "1"]
[SourceVersionDate "2023.03.31"]
[SourceQuality "1"]

1. e4 e5 2. Nf3 Nc6 3. Bb5 Bc5 4. 0-0 d6 5. h3 Nf6 6. d3 a6 7. Ba4 Bd7 8. c3 h6 9. Re1 0-0 10. Be3 Bxe3 11. Rxe3 Nh7 12. d4 exd4 13. cxd4 Kh8 14. Nc3 Ng5 15. Qd3 Ne6 16. e5 Nb4 17. Qd1 Bxa4 18. Qxa4 Nc6 19. d5 Nc5 20. Qd1 Ne7 21. b4 Nd7 22. e6 fxe6 23. Rxe6 Rf6 24. Qe2 Ng6 25. Rxf6 Qxf6 26. Rc1 Nde5 27. Nxe5 Nxe5 28. Ne4 Qf7 29. Qd2 1/2-1/2